000 nam a22 7a 4500
999 _c8431
_d8431
008 180116b ||||| |||| 00| 0 eng d
100 _aAggarwal.N.K.
_94832
245 _aEnglish Grammar
260 _aNew Delhi
_bGoyal
_c2008